| 000 | 00941nam a22002057a 4500 | ||
|---|---|---|---|
| 999 |
_c3390 _d3390 |
||
| 003 | AR-CdUCM | ||
| 008 | 190306b ||||| |||| 00| 0 spa d | ||
| 040 |
_aMUNICIPALIDAD PROVINCIAL DEL CUSCO _cBIBLIOTECA MUNICIPAL DEL CUSCO |
||
| 082 |
_a328.709 / _bG22 |
||
| 100 |
_aGamboa Rodríguez, José Alberto _911202 |
||
| 245 | _aCómo elaborar proyectos de desarrollo para ONG's : | ||
| 260 |
_aPerú : _bGrijley , _c2003. |
||
| 300 |
_a247 páginas ; _c24 cm. |
||
| 505 | _aContenido : La Planificacion Estrategica -- Metodologia para el diseño de proyectos de desarrollo -- el marco logico -- guia para la elaboracion de proyectos de las ONG's -- Guia para la presentacion de solicitudes de cooperacion tecnica internacional -- Financiamiento Internacional para proyectos Sociales... | ||
| 650 |
_aFormulacion de Proyectos _911203 |
||
| 650 |
_aONG's _911204 |
||
| 650 |
_aProyectos Sociales _911205 |
||
| 942 |
_2ddc _cLIBROS |
||
| 945 | _artm | ||